[Event "DEM U12/U12w 2014"]
[Site "Magdeburg GER"]
[Date "2014.06.11"]
[Round "6"]
[White "Renger, Niklas"]
[Black "Engel, Luis"]
[Result "1/2-1/2"]
[Termination "normal"]
[Board "1"]
[WhiteElo "1794"]
[BlackElo "1982"]
[WhiteClock "00:07:32"]
[BlackClock "00:20:41"]
[PlyCount "90"]
[WhiteFideId "12908096"]
[BlackFideId "12961523"]
[EventCountry "GER"]
[EventRounds "11"]
[EventType "swiss"]
[EventDate "2014.06.07"]

1. e4 c5 2. Nf3 d6 3. d4 cxd4 4. Nxd4 Nf6 5. Nc3 a6 6. Be3 Nbd7 7. f3 e6 8. Qd2
b5 9. g4 Ne5 10. a4 Nc4 11. Bxc4 bxc4 12. a5 Qc7 13. Na4 Rb8 14. O-O Be7 15.
Ne2 O-O 16. Rfd1 Nd7 17. Nec3 Ne5 18. Qe2 Bb7 19. f4 Nd7 20. Nb6 Nxb6 21. Bxb6
Qc6 22. Rd4 Rbc8 23. Rad1 Kh8 24. h3 f5 25. gxf5 exf5 26. Nd5 Bf6 27. Nxf6 Rxf6
28. Kh2 Re8 29. Qxc4 Qd7 30. e5 Rg6 31. R1d2 Rc8 32. Rxd6 Rxd6 33. Rxd6 Qxd6
34. Qxc8+ Bxc8 35. exd6 Kg8 36. Kg3 Kf7 37. c4 Be6 38. b4 Ke8 39. c5 Bd7 40.
Kf3 Kf7 41. Ke3 Bc6 42. Kd4 Ke6 43. Bd8 g6 44. Ke3 Bb5 45. Kf3 Bc6+ 1/2-1/2

[Event "DEM U12/U12w 2014"]
[Site "Magdeburg GER"]
[Date "2014.06.11"]
[Round "6"]
[White "Rockmann, Jan-Okke"]
[Black "Suvorov, Alexander"]
[Result "1/2-1/2"]
[Termination "normal"]
[Board "2"]
[WhiteElo "1873"]
[BlackElo "1569"]
[WhiteClock "01:16:32"]
[BlackClock "00:29:29"]
[PlyCount "53"]
[WhiteFideId "12942111"]
[BlackFideId "12977063"]
[EventCountry "GER"]
[EventRounds "11"]
[EventType "swiss"]
[EventDate "2014.06.07"]

1. e4 e6 2. d4 d5 3. Nd2 Nf6 4. Bd3 c5 5. c3 cxd4 6. cxd4 dxe4 7. Nxe4 Nxe4 8.
Bxe4 Bb4+ 9. Bd2 Bxd2+ 10. Qxd2 Nd7 11. Ne2 Nf6 12. Bf3 Nd5 13. Nc3 Nxc3 14.
bxc3 Qc7 15. Rb1 Rb8 16. O-O O-O 17. Rfe1 b6 18. Rb5 Bb7 19. Bxb7 Qxb7 20. Rg5
Rbc8 21. Rxg7+ Kxg7 22. Qg5+ Kh8 23. Qf6+ Kg8 24. Re3 Qc7 25. f4 Qxc3 26. Rxc3
Rxc3 27. Qg5+ 1/2-1/2

[Event "DEM U12/U12w 2014"]
[Site "Magdeburg GER"]
[Date "2014.06.11"]
[Round "6"]
[White "Kopylov, Daniel"]
[Black "Wierzbicki, Jirawat"]
[Result "1-0"]
[Termination "normal"]
[Board "3"]
[WhiteElo "1813"]
[BlackElo "1774"]
[WhiteClock "00:08:15"]
[BlackClock "00:01:48"]
[PlyCount "141"]
[WhiteFideId "12921971"]
[BlackFideId "1153579"]
[EventCountry "GER"]
[EventRounds "11"]
[EventType "swiss"]
[EventDate "2014.06.07"]

1. e4 e5 2. Nf3 Nc6 3. Nc3 Nf6 4. g3 d6 5. Bg2 Be7 6. d3 h6 7. O-O Be6 8. Be3
d5 9. exd5 Nxd5 10. Qe2 Qd7 11. Bd2 Bf6 12. Ne4 Be7 13. Nc3 Bf6 14. Nxd5 Bxd5
15. Bc3 Qe6 16. Rfe1 Bxf3 17. Bxf3 O-O 18. Bg2 Qd6 19. b3 Rfe8 20. Rad1 Rad8
21. d4 exd4 22. Qxe8+ Rxe8 23. Rxe8+ Kh7 24. Bb2 Qc5 25. h4 g6 26. Re2 Qb5 27.
Rde1 d3 28. cxd3 Bxb2 29. Rxb2 Qxd3 30. h5 Qc3 31. hxg6+ fxg6 32. Rbe2 h5 33.
Re3 Qf6 34. Re6 Qc3 35. Bxc6 bxc6 36. Re7+ Kh6 37. R1e2 Qf3 38. Re8 c5 39. R2e4
Qd1+ 40. Kg2 Qd5 41. R8e7 a5 42. Kg1 Qd1+ 43. Kg2 Qd5 44. R7e5 Qd2 45. a4 Qd3
46. Re3 Qd4 47. Re6 Qd5+ 48. R6e4 Qd1 49. Re5 Qd4 50. R3e4 Qd3 51. Re3 Qd4 52.
R5e4 Qd5 53. Kg1 Qd1+ 54. Kh2 Qd2 55. Rf4 Qd5 56. Rc4 Qf5 57. Kg1 Qb1+ 58. Kg2
Qf5 59. Rc1 Qd5+ 60. Kg1 Qg5 61. Rec3 Qd5 62. Rxc5 Qxb3 63. Rxa5 Qb4 64. Ra8 c5
65. a5 Qb7 66. Re8 Qa7 67. Ra1 Qa6 68. Ree1 Kg7 69. Reb1 Kf7 70. Rb6 Qa7 71. a6
1-0

[Event "DEM U12/U12w 2014"]
[Site "Magdeburg GER"]
[Date "2014.06.11"]
[Round "6"]
[White "Biastoch, Bennet"]
[Black "Preißler, Niklas"]
[Result "1-0"]
[Termination "normal"]
[Board "4"]
[WhiteElo "1754"]
[BlackElo "1812"]
[WhiteClock "00:17:58"]
[BlackClock "00:01:17"]
[PlyCount "87"]
[WhiteFideId "12939889"]
[BlackFideId "12927554"]
[EventCountry "GER"]
[EventRounds "11"]
[EventType "swiss"]
[EventDate "2014.06.07"]

1. e4 c5 2. Nf3 d6 3. d4 cxd4 4. Nxd4 Nf6 5. Nc3 a6 6. f3 e5 7. Nb3 Be7 8. Be3
Be6 9. Qd2 O-O 10. O-O-O a5 11. Qe1 Qc8 12. Bb5 Na6 13. a4 Nb4 14. g4 d5 15.
exd5 Nfxd5 16. Bd3 Nxd3+ 17. Rxd3 Nb4 18. Rd2 b5 19. Kb1 bxa4 20. Nxa4 Qc6 21.
Nbc5 Bd5 22. Qf2 Bxc5 23. Nxc5 a4 24. c3 Na6 25. Nxa6 Rxa6 26. Bc5 Re8 27. Re1
Bxf3 28. Rd6 Be4+ 29. Kc1 Qb7 30. Rxa6 Qxa6 31. Rxe4 Qc6 32. Re2 e4 33. Qd4
Qh6+ 34. Kc2 Qg6 35. Qxa4 e3+ 36. Kc1 Rd8 37. Rxe3 Qh6 38. Bd4 Kf8 39. Qb4+ Kg8
40. Qe7 Ra8 41. g5 Qc6 42. Qe5 Qh1+ 43. Kd2 Qg2+ 44. Re2 1-0

[Event "DEM U12/U12w 2014"]
[Site "Magdeburg GER"]
[Date "2014.06.11"]
[Round "6"]
[White "Schneider, Jana"]
[Black "Graf, Justus Felix"]
[Result "0-1"]
[Termination "normal"]
[Board "5"]
[WhiteElo "1824"]
[BlackElo "1513"]
[WhiteClock "00:04:57"]
[BlackClock "00:11:16"]
[PlyCount "144"]
[WhiteFideId "12924997"]
[BlackFideId "12929212"]
[EventCountry "GER"]
[EventRounds "11"]
[EventType "swiss"]
[EventDate "2014.06.07"]

1. e4 c6 2. d4 d5 3. Nd2 dxe4 4. Nxe4 Bf5 5. Ng3 Bg6 6. Bc4 e6 7. N1e2 Bd6 8.
Nf4 Nf6 9. c3 Qc7 10. Qf3 Nd5 11. Nxg6 hxg6 12. Bg5 Nd7 13. Bb3 N7f6 14. O-O
Bf4 15. Bxf4 Qxf4 16. Qxf4 Nxf4 17. Rfe1 N4h5 18. Ne4 Nxe4 19. Rxe4 Nf6 20. Re2
Rh5 21. Rd1 O-O-O 22. f3 Rdh8 23. h3 b5 24. c4 bxc4 25. Bxc4 Nd5 26. Rc1 Kd7
27. Kf2 Rg5 28. Rec2 Rb8 29. a3 Ne7 30. b4 a5 31. Rb1 Nc8 32. Rcb2 Nd6 33. Bd3
a4 34. Rc2 Nb5 35. Bxb5 Rbxb5 36. Rbc1 Rb6 37. Rc5 Rb5 38. g4 Rgxc5 39. dxc5
Rb8 40. Rd1+ Kc7 41. Kg3 g5 42. Rd6 Rh8 43. Rd2 f6 44. Rd6 e5 45. Rd2 Re8 46.
Rd3 Re7 47. Kf2 Re6 48. Ke3 Re8 49. Kf2 Re7 50. Ke3 Re6 51. Rd2 Re8 52. Kf2 Rh8
53. Kg3 Re8 54. h4 gxh4+ 55. Kxh4 Rh8+ 56. Kg3 Rh1 57. Rd3 Rb1 58. Kf2 Rb3 59.
Ke3 g6 60. Rxb3 axb3 61. Kd3 f5 62. gxf5 gxf5 63. Kc3 e4 64. fxe4 f4 65. a4 f3
66. b5 cxb5 67. axb5 f2 68. Kxb3 f1=Q 69. Kb4 Qe1+ 70. Ka4 Qxe4+ 71. Ka5 Qc4
72. c6 Qc5 0-1

[Event "DEM U12/U12w 2014"]
[Site "Magdeburg GER"]
[Date "2014.06.11"]
[Round "6"]
[White "Mätzkow, Maximilian Paul"]
[Black "Wagner, Benjamin"]
[Result "1-0"]
[Termination "normal"]
[Board "6"]
[WhiteElo "1841"]
[BlackElo "1634"]
[WhiteClock "00:11:12"]
[BlackClock "00:06:36"]
[PlyCount "115"]
[WhiteFideId "24679933"]
[BlackFideId "12957330"]
[EventCountry "GER"]
[EventRounds "11"]
[EventType "swiss"]
[EventDate "2014.06.07"]

1. e4 e5 2. Nf3 Nc6 3. Bb5 a6 4. Ba4 Nf6 5. d3 b5 6. Bb3 Be7 7. c3 d6 8. O-O
O-O 9. Nbd2 Na5 10. Bc2 c5 11. Re1 Bd7 12. Nf1 Qc7 13. Ng3 Rac8 14. h3 Rfe8 15.
Qe2 Nc6 16. Bb3 a5 17. a4 b4 18. Bc4 Rb8 19. Bb5 Be6 20. c4 Red8 21. Be3 Na7
22. b3 h6 23. Nh2 Qc8 24. f4 Kh8 25. f5 Bd7 26. Ng4 Nh7 27. Nh5 f6 28. h4 Be8
29. Bxe8 Rxe8 30. Bxh6 gxh6 31. Nxh6 Bf8 32. Nf7+ Kg8 33. Nxd6 Qd7 34. Nxe8
Rxe8 35. Qg4+ Kh8 36. Qg6 Qd8 37. Kh1 Re7 38. Re3 Bg7 39. Rae1 Nc6 40. Rb1 Nd4
41. Rb2 Qd7 42. Rg3 Rf7 43. Qg4 Re7 44. Qd1 Rf7 45. Rf2 Re7 46. Rf1 Qe8 47. Rg6
Qf8 48. g4 Rf7 49. Rg1 Qa8 50. Kh2 Nf8 51. Rxg7 Rxg7 52. Nxg7 Kxg7 53. g5 Qb7
54. Qh5 Nxf5 55. gxf6+ Kxf6 56. Qxf5+ Ke7 57. Rg7+ Kd6 58. Rxb7 1-0

[Event "DEM U12/U12w 2014"]
[Site "Magdeburg GER"]
[Date "2014.06.11"]
[Round "6"]
[White "Schallner, Marc"]
[Black "Holinka, Henning"]
[Result "1/2-1/2"]
[Termination "normal"]
[Board "7"]
[WhiteElo "1668"]
[BlackElo "1689"]
[PlyCount "61"]
[WhiteFideId "12971243"]
[BlackFideId "12967084"]
[EventCountry "GER"]
[EventRounds "11"]
[EventType "swiss"]
[EventDate "2014.06.07"]

1. e4 e5 2. Nf3 Nc6 3. Bc4 Nf6 4. d3 d5 5. exd5 Nxd5 6. O-O Bg4 7. h3 Bh5 8.
Re1 Be7 9. Nbd2 O-O 10. g4 Bg6 11. Nxe5 Nxe5 12. Rxe5 Nb6 13. Qf3 Bd6 14. Re2
c6 15. Bb3 Kh8 16. Nf1 f5 17. g5 f4 18. Qg4 Bf5 19. Qh4 Qd7 20. Bd2 f3 21. Re3
Bxh3 22. g6 Qg4+ 23. Qxg4 Bxg4 24. gxh7 Rae8 25. Rae1 Rxe3 26. Rxe3 Bh3 27. Be6
Bg2 28. Re4 Kxh7 29. Bh3 Bxh3 30. Rh4+ Kg6 31. Rxh3 1/2-1/2

[Event "DEM U12/U12w 2014"]
[Site "Magdeburg GER"]
[Date "2014.06.11"]
[Round "6"]
[White "Pölt, Christoph"]
[Black "Schulze, Lara"]
[Result "0-1"]
[Termination "normal"]
[Board "8"]
[WhiteElo "1741"]
[BlackElo "1774"]
[PlyCount "154"]
[WhiteFideId "12960853"]
[BlackFideId "12956830"]
[EventCountry "GER"]
[EventRounds "11"]
[EventType "swiss"]
[EventDate "2014.06.07"]

1. d4 d5 2. c4 e6 3. Nf3 c6 4. g3 f5 5. Bg2 Nf6 6. O-O Bd6 7. Nfd2 O-O 8. Nc3
Kh8 9. e3 g5 10. c5 Be7 11. b4 b6 12. Rb1 a5 13. Ba3 axb4 14. Bxb4 Na6 15. Na4
bxc5 16. dxc5 Nxb4 17. Rxb4 Qa5 18. a3 Nd7 19. Qb3 Nxc5 20. Nxc5 Bxc5 21. Qb2+
Kg8 22. Nb3 Qa7 23. Nxc5 Qxc5 24. a4 Qe7 25. Ra1 Ra5 26. Rb6 Bd7 27. Rb7 Rfa8
28. Rb8+ Be8 29. Rxa8 Rxa8 30. a5 c5 31. Qe5 Qg7 32. Qxg7+ Kxg7 33. Kf1 Kf6 34.
Ke1 Ke5 35. Kd2 Bb5 36. Bf3 Kd6 37. Bd1 c4 38. Kc3 Kc5 39. Bc2 Ra7 40. f4 g4
41. Ra2 h5 42. Ra1 Rh7 43. Ra2 h4 44. Ra1 hxg3 45. hxg3 Ba6 46. Rb1 Bb5 47. Ra1
Bc6 48. Rb1 Rh3 49. Rb8 Rxg3 50. a6 Rxe3+ 51. Kb2 Rh3 52. a7 Rh7 53. a8=Q Bxa8
54. Rxa8 Rb7+ 55. Kc1 Rb6 56. Kd2 Kd6 57. Re8 Rb7 58. Rg8 Rh7 59. Rg6 Rh2+ 60.
Kd1 Ke7 61. Rg7+ Kf6 62. Rd7 Rf2 63. Rd8 Rxf4 64. Ke2 Ke5 65. Re8 g3 66. Ba4
Rg4 67. Kf1 f4 68. Bd7 Rg6 69. Rf8 Ke4 70. Ba4 Ke3 71. Bc2 Rh6 72. Kg1 d4 73.
Rc8 c3 74. Rd8 Rh2 75. Bg6 c2 76. Rc8 d3 77. Rc3 Rd2 0-1

[Event "DEM U12/U12w 2014"]
[Site "Magdeburg GER"]
[Date "2014.06.11"]
[Round "6"]
[White "Suvorov, Luca"]
[Black "Pfreundt, Mathis"]
[Result "1/2-1/2"]
[Termination "normal"]
[Board "9"]
[WhiteElo "1599"]
[BlackElo "1667"]
[PlyCount "88"]
[WhiteFideId "12977071"]
[BlackFideId "12967092"]
[EventCountry "GER"]
[EventRounds "11"]
[EventType "swiss"]
[EventDate "2014.06.07"]

1. d4 Nf6 2. Nf3 c6 3. c4 d5 4. cxd5 cxd5 5. Nc3 Nc6 6. Bf4 a6 7. e3 Bg4 8. Be2
Bxf3 9. Bxf3 e6 10. O-O Bd6 11. Bxd6 Qxd6 12. Re1 O-O 13. Qd2 Rac8 14. Rac1
Rfd8 15. g3 Rc7 16. Na4 Nd7 17. Rc2 Rdc8 18. Rec1 Na7 19. Rxc7 Rxc7 20. Rd1 Qc6
21. Nc3 Nb5 22. Rc1 Nxc3 23. Rxc3 Qd6 24. Rb3 Nb6 25. Qb4 Qxb4 26. Rxb4 Nc4 27.
Be2 Kf8 28. Bxc4 dxc4 29. Kf1 c3 30. bxc3 Rxc3 31. Rxb7 Rc2 32. a4 Rc4 33. a5
Ra4 34. Ra7 Rxa5 35. Kg2 Ra2 36. h4 a5 37. Kf3 a4 38. e4 a3 39. d5 exd5 40.
exd5 Rd2 41. Rxa3 Rxd5 42. Re3 Rf5+ 43. Kg2 f6 44. Ra3 h5 1/2-1/2

[Event "DEM U12/U12w 2014"]
[Site "Magdeburg GER"]
[Date "2014.06.11"]
[Round "6"]
[White "ter Stal, Sven"]
[Black "Huber, Benedikt"]
[Result "1-0"]
[Termination "normal"]
[Board "10"]
[WhiteElo "1707"]
[BlackElo "1719"]
[PlyCount "95"]
[WhiteFideId "12946443"]
[BlackFideId "12923583"]
[EventCountry "GER"]
[EventRounds "11"]
[EventType "swiss"]
[EventDate "2014.06.07"]

1. f4 d5 2. g3 Nc6 3. Nf3 Bf5 4. Bg2 e6 5. O-O Nf6 6. h3 h6 7. d3 Bd6 8. c3
Bc5+ 9. Kh2 O-O 10. Qe1 Re8 11. Ne5 Qd6 12. Kh1 Bh7 13. g4 Bb6 14. Qg3 Nd7 15.
Nxc6 bxc6 16. Nd2 e5 17. f5 f6 18. c4 a5 19. Qf3 d4 20. Qxc6 Nc5 21. Qxd6 cxd6
22. Bxa8 Rxa8 23. Nb3 Kf8 24. Bd2 Bg8 25. Nxc5 dxc5 26. b3 Bf7 27. a3 Be8 28.
b4 Bc6+ 29. Kg1 e4 30. bxa5 Bxa5 31. Bxa5 Rxa5 32. Rfb1 exd3 33. exd3 Ra8 34.
Rb6 Ba4 35. Rab1 Bc2 36. Rb8+ Rxb8 37. Rxb8+ Kf7 38. Rc8 Bxd3 39. Rxc5 Bc2 40.
Kf2 d3 41. Ke3 Ke7 42. Rd5 Ke8 43. Rxd3 Bxd3 44. Kxd3 Kd7 45. Kd4 Kd6 46. a4
Kc6 47. c5 Kb7 48. Kd5 1-0

[Event "DEM U12/U12w 2014"]
[Site "Magdeburg GER"]
[Date "2014.06.11"]
[Round "6"]
[White "Oganessjan, Artur"]
[Black "Mantel, Ruben"]
[Result "1-0"]
[Termination "normal"]
[Board "11"]
[WhiteElo "1761"]
[BlackElo "1645"]
[PlyCount "77"]
[WhiteFideId "12986062"]
[BlackFideId "12930121"]
[EventCountry "GER"]
[EventRounds "11"]
[EventType "swiss"]
[EventDate "2014.06.07"]

1. e4 e6 2. d4 d5 3. Nc3 Bb4 4. e5 c5 5. a3 Ba5 6. Nf3 Nc6 7. Bb5 Qb6 8. Bxc6+
bxc6 9. O-O Ba6 10. Re1 c4 11. Qe2 Ne7 12. Bd2 Qxb2 13. Na4 Qb5 14. Nc5 c3 15.
Nxa6 cxd2 16. Nxd2 Qxe2 17. Rxe2 O-O 18. Nb3 Bc3 19. Rd1 Rfc8 20. a4 Ng6 21.
Re3 Bb2 22. Nbc5 Rab8 23. Nxb8 Rxb8 24. Rb3 Rxb3 25. Nxb3 Kf8 26. Na5 Ne7 27.
Rd3 Ke8 28. Kf1 Kd7 29. Ke2 Nc8 30. Nb7 Nb6 31. Nc5+ Kc7 32. g4 Nc4 33. Nb3 g6
34. Rf3 Na3 35. Kd3 Kb6 36. Rxf7 Nc4 37. Rxh7 Na5 38. Nxa5 Kxa5 39. Rxa7+ 1-0

[Event "DEM U12/U12w 2014"]
[Site "Magdeburg GER"]
[Date "2014.06.11"]
[Round "6"]
[White "Bui, Hai Lam"]
[Black "Meyling, Lennart"]
[Result "1/2-1/2"]
[Termination "normal"]
[Board "12"]
[WhiteElo "1674"]
[BlackElo "1722"]
[PlyCount "82"]
[WhiteFideId "12975737"]
[BlackFideId "12947130"]
[EventCountry "GER"]
[EventRounds "11"]
[EventType "swiss"]
[EventDate "2014.06.07"]

1. e4 c5 2. Nf3 Nf6 3. e5 Nd5 4. Nc3 e6 5. Nxd5 exd5 6. d4 Nc6 7. dxc5 Bxc5 8.
Bd3 O-O 9. Bxh7+ Kxh7 10. Ng5+ Kg6 11. Qd3+ f5 12. exf6+ Kxf6 13. Nh7+ Kf7 14.
Qxd5+ Kg6 15. Qe4+ Kf7 16. Qf5+ Kg8 17. Nxf8 Qxf8 18. Qd5+ Kh8 19. Qh5+ Kg8 20.
Qd5+ Kh8 21. O-O d6 22. Qh5+ Kg8 23. Be3 Be6 24. Qe2 Re8 25. Qd2 Ne5 26. Bxc5
dxc5 27. b3 Qf6 28. Rad1 Qg6 29. Kh1 Nc6 30. c3 Qg4 31. f3 Qg6 32. Rfe1 Rf8 33.
Qd6 Rd8 34. Qxc5 Rxd1 35. Rxd1 Qc2 36. Qd6 Bf7 37. Qd2 Qf5 38. Kg1 Qc5+ 39. Kh1
Qf5 40. Kg1 Qc5+ 41. Kh1 Qf5 1/2-1/2

[Event "DEM U12/U12w 2014"]
[Site "Magdeburg GER"]
[Date "2014.06.11"]
[Round "6"]
[White "Stork, Oliver"]
[Black "Tong, Kevin"]
[Result "1/2-1/2"]
[Termination "normal"]
[Board "13"]
[WhiteElo "1629"]
[BlackElo "1758"]
[PlyCount "85"]
[WhiteFideId "12955728"]
[BlackFideId "12913944"]
[EventCountry "GER"]
[EventRounds "11"]
[EventType "swiss"]
[EventDate "2014.06.07"]

1. c4 e5 2. g3 Nf6 3. Bg2 c6 4. d4 exd4 5. Qxd4 d5 6. Nf3 Be6 7. cxd5 cxd5 8.
O-O Nc6 9. Qa4 Bd6 10. Nd4 Qd7 11. Bg5 Be5 12. Nxe6 fxe6 13. Bxf6 Bxf6 14. Nc3
O-O 15. Rad1 Bxc3 16. bxc3 Qf7 17. e4 dxe4 18. Bxe4 Rac8 19. f4 Qc7 20. Qb3
Rfe8 21. Rd3 Na5 22. Qc2 Nc4 23. Bxh7+ Kh8 24. Bg6 Red8 25. Rfd1 Rxd3 26. Rxd3
e5 27. Qf2 exf4 28. gxf4 Qb6 29. Qxb6 Nxb6 30. f5 Na4 31. Bf7 g5 32. fxg6 Rxc3
33. Rxc3 Nxc3 34. h4 Kg7 35. h5 Ne2+ 36. Kf2 Nf4 37. Ke3 Nxh5 38. Ke4 Nf6+ 39.
Ke5 b5 40. Kd6 Ne4+ 41. Kc6 b4 42. Kb5 Nd6+ 43. Kxb4 1/2-1/2

[Event "DEM U12/U12w 2014"]
[Site "Magdeburg GER"]
[Date "2014.06.11"]
[Round "6"]
[White "Staufenberger, Philipp"]
[Black "Wong, Gengchun"]
[Result "1-0"]
[Termination "normal"]
[Board "14"]
[WhiteElo "1620"]
[BlackElo "1857"]
[PlyCount "35"]
[WhiteFideId "12970883"]
[BlackFideId "12963283"]
[EventCountry "GER"]
[EventRounds "11"]
[EventType "swiss"]
[EventDate "2014.06.07"]

1. d4 Nf6 2. Nf3 g6 3. Nc3 d5 4. Bf4 Bg7 5. Qd2 Ne4 6. Nxe4 dxe4 7. Ne5 c5 8.
e3 Nc6 9. Bb5 Bd7 10. Nxd7 Qxd7 11. d5 Rd8 12. Rd1 a6 13. dxc6 Qxd2+ 14. Rxd2
axb5 15. Rxd8+ Kxd8 16. cxb7 Kd7 17. b8=Q Rxb8 18. Bxb8 1-0

[Event "DEM U12/U12w 2014"]
[Site "Magdeburg GER"]
[Date "2014.06.11"]
[Round "6"]
[White "Rößler, Lukas Namgyu"]
[Black "Santos, Leonardo"]
[Result "1/2-1/2"]
[Termination "normal"]
[Board "15"]
[WhiteElo "1662"]
[BlackElo "1451"]
[PlyCount "51"]
[WhiteFideId "12938718"]
[BlackFideId "12965049"]
[EventCountry "GER"]
[EventRounds "11"]
[EventType "swiss"]
[EventDate "2014.06.07"]

1. e4 c5 2. Nf3 d6 3. d4 cxd4 4. Nxd4 Nf6 5. Nc3 g6 6. Be3 Bg7 7. f3 O-O 8. Qd2
Nc6 9. Bc4 Bd7 10. O-O-O Rb8 11. h4 b5 12. Bb3 Na5 13. Bh6 Bxh6 14. Qxh6 e5 15.
Nde2 b4 16. Nd5 Nxb3+ 17. cxb3 Nxd5 18. Rxd5 Be6 19. Rd2 Rb6 20. h5 g5 21. Kb1
f6 22. g3 Ra6 23. Nc1 Qa5 24. Rd3 Rc6 25. Ne2 Ra6 26. Nc1 1/2-1/2

[Event "DEM U12/U12w 2014"]
[Site "Magdeburg GER"]
[Date "2014.06.11"]
[Round "6"]
[White "Hüls, Maximilian"]
[Black "Mönster, Madita"]
[Result "0-1"]
[Termination "normal"]
[Board "16"]
[WhiteElo "1638"]
[BlackElo "1637"]
[PlyCount "56"]
[WhiteFideId "12949698"]
[BlackFideId "12947156"]
[EventCountry "GER"]
[EventRounds "11"]
[EventType "swiss"]
[EventDate "2014.06.07"]

1. e4 c5 2. c3 Nf6 3. e5 Nd5 4. d4 cxd4 5. cxd4 d6 6. Nf3 e6 7. Bc4 Nc6 8. Bxd5
exd5 9. O-O dxe5 10. dxe5 Be7 11. Re1 O-O 12. Bf4 Bf5 13. Nd4 Nxd4 14. Qxd4 Qa5
15. Nc3 Rfd8 16. Rac1 Bc5 17. Qa4 Qb6 18. Re2 d4 19. Ne4 d3 20. Rd2 Rd4 21. Rc4
Bxe4 22. Rxd4 Bxd4 23. h3 Rc8 24. Kh2 h6 25. f3 Bg1+ 26. Kh1 Bf5 27. Qd1 Be3
28. Bxe3 Qxe3 0-1

[Event "DEM U12/U12w 2014"]
[Site "Magdeburg GER"]
[Date "2014.06.11"]
[Round "6"]
[White "Kirsten, Annika"]
[Black "Dietz, Florian"]
[Result "0-1"]
[Termination "normal"]
[Board "17"]
[WhiteElo "1323"]
[BlackElo "1860"]
[PlyCount "122"]
[WhiteFideId "12961124"]
[BlackFideId "12939897"]
[EventCountry "GER"]
[EventRounds "11"]
[EventType "swiss"]
[EventDate "2014.06.07"]

1. e4 c5 2. Nf3 d6 3. d4 cxd4 4. Nxd4 Nf6 5. Nc3 g6 6. Be3 Bg7 7. f3 O-O 8. Qd2
Nc6 9. O-O-O d5 10. Nxc6 bxc6 11. Bc4 Be6 12. Bb3 Qb8 13. g4 Rd8 14. h4 Qb7 15.
Qh2 h6 16. Bxh6 Nxg4 17. fxg4 Bxh6+ 18. g5 Bg7 19. exd5 Bxd5 20. Nxd5 cxd5 21.
h5 Qb6 22. h6 Qe3+ 23. Kb1 Be5 24. Qg2 e6 25. h7+ Kh8 26. Rhe1 Qg3 27. Qxg3
Bxg3 28. Rh1 Kg7 29. Rhf1 Bh4 30. Rd3 Bxg5 31. Rdf3 f6 32. Rc3 Rdc8 33. Rxc8
Rxc8 34. Re1 Re8 35. Bxd5 e5 36. Bg8 e4 37. Rd1 Re7 38. Rh1 Kh8 39. c4 e3 40.
Re1 e2 41. c5 Bd2 42. Bc4 Bxe1 43. c6 Ba5 44. Bxe2 Rxe2 45. b4 Bb6 46. a4 Re4
47. a5 Rxb4+ 48. Kc2 Bxa5 49. Kd3 Rb6 50. c7 Rd6+ 51. Kc4 Bxc7 52. Kc5 Kxh7 53.
Kb5 Kg7 54. Kc5 Kf7 55. Kb5 Ke6 56. Kc5 Ke5 57. Kb5 Kd5 58. Kb4 Rc6 59. Kb5
Rb6+ 60. Ka5 Kc4 61. Ka4 Ra6# 0-1

[Event "DEM U12/U12w 2014"]
[Site "Magdeburg GER"]
[Date "2014.06.11"]
[Round "6"]
[White "Zimmer, Raphael"]
[Black "Biermann, Lenhard"]
[Result "1-0"]
[Termination "normal"]
[Board "18"]
[WhiteElo "1868"]
[BlackElo "1535"]
[PlyCount "51"]
[WhiteFideId "12978841"]
[BlackFideId "12970077"]
[EventCountry "GER"]
[EventRounds "11"]
[EventType "swiss"]
[EventDate "2014.06.07"]

1. e4 e6 2. d4 d5 3. exd5 exd5 4. Nf3 Bg4 5. Be2 Nf6 6. O-O Be7 7. c4 O-O 8.
Nc3 dxc4 9. Bxc4 Bb4 10. Be3 Nc6 11. Be2 Qd6 12. Rc1 a6 13. Qd3 Rad8 14. Rfd1
Ne7 15. Ne4 Bf5 16. Nxf6+ Qxf6 17. Qb3 a5 18. Rxc7 Rc8 19. Rdc1 b6 20. Bg5 Rxc7
21. Rxc7 Qg6 22. Bxe7 Bxe7 23. Rxe7 Rc8 24. Bc4 Be6 25. g3 Rxc4 26. Re8# 1-0

[Event "DEM U12/U12w 2014"]
[Site "Magdeburg GER"]
[Date "2014.06.11"]
[Round "6"]
[White "Röhr, Tobias"]
[Black "Ning, Felix"]
[Result "1/2-1/2"]
[Termination "normal"]
[Board "19"]
[WhiteElo "1588"]
[BlackElo "1491"]
[PlyCount "90"]
[WhiteFideId "12963089"]
[BlackFideId "12988553"]
[EventCountry "GER"]
[EventRounds "11"]
[EventType "swiss"]
[EventDate "2014.06.07"]

1. d4 d5 2. c4 c6 3. Nc3 dxc4 4. a4 Bd7 5. e4 b5 6. axb5 cxb5 7. Bf4 e6 8. Nf3
Nf6 9. d5 b4 10. Na4 Bb5 11. Bg5 exd5 12. e5 h6 13. exf6 hxg5 14. Qe2+ Kd7 15.
Ne5+ Kc7 16. Nxf7 Qe8 17. Qxe8 Bxe8 18. Nxh8 gxf6 19. h4 Nc6 20. hxg5 fxg5 21.
Rh7+ Kd6 22. Nf7+ Ke6 23. Nxg5+ Kf6 24. Nf3 b3 25. Nc3 Bb4 26. Kd2 d4 27. Bxc4
dxc3+ 28. bxc3 Rd8+ 29. Bd3 Bg6 30. Nd4 Rxd4 31. Rh3 Ne5 32. Ra6+ Ke7 33. Rxa7+
Kd6 34. Ra6+ Kd5 35. cxb4 Bxd3 36. Ra5+ Kc4 37. Rxe5 Bc2+ 38. Kc1 Rd1+ 39. Kb2
Rb1+ 40. Ka3 Ra1+ 41. Kb2 Ra2+ 42. Kc1 Ra1+ 43. Kb2 Ra2+ 44. Kc1 Ra1+ 45. Kb2
Ra2+ 1/2-1/2

[Event "DEM U12/U12w 2014"]
[Site "Magdeburg GER"]
[Date "2014.06.11"]
[Round "6"]
[White "Roseneck, Jonas"]
[Black "Bui, Ngoc Han Julia"]
[Result "1-0"]
[Termination "normal"]
[Board "20"]
[WhiteElo "1766"]
[BlackElo "1446"]
[PlyCount "117"]
[WhiteFideId "12939870"]
[BlackFideId "12977055"]
[EventCountry "GER"]
[EventRounds "11"]
[EventType "swiss"]
[EventDate "2014.06.07"]

1. e4 c5 2. Nf3 d6 3. d4 cxd4 4. Nxd4 Nf6 5. Nc3 a6 6. Be3 e6 7. f3 b5 8. g4
Bb7 9. Qd2 Nfd7 10. O-O-O Nb6 11. Qf2 N8d7 12. h4 b4 13. Nb1 d5 14. exd5 Nxd5
15. Nd2 Nxe3 16. Qxe3 Rc8 17. g5 Be7 18. Bh3 Bd5 19. N2b3 Qc7 20. Kb1 O-O 21.
h5 Bxb3 22. cxb3 Qc5 23. Rhg1 Rfd8 24. g6 Qxh5 25. gxf7+ Kxf7 26. Qxe6+ Kf8 27.
Nf5 Qf7 28. Qxf7+ Kxf7 29. Rxg7+ Kf6 30. Rxe7 Nf8 31. Ree1 Rxd1+ 32. Rxd1 Ne6
33. Rd6 Rd8 34. Rxd8 Nxd8 35. Ne3 Kg5 36. Bg4 h5 37. Bxh5 Kxh5 38. Nd5 Nc6 39.
f4 Kg6 40. Kc2 Kf5 41. Kd3 a5 42. a3 Ke6 43. Ke4 bxa3 44. bxa3 Na7 45. b4 axb4
46. axb4 Nb5 47. f5+ Kf7 48. Ke5 Ke8 49. Ke6 Nd4+ 50. Ke5 Nc6+ 51. Kd6 Nd4 52.
f6 Nb5+ 53. Kc5 Na3 54. b5 Nxb5 55. Kxb5 Kf7 56. Kc6 Ke8 57. Kd6 Kf8 58. Ke6
Ke8 59. Nc7+ 1-0